Splendid North-east Tourism perspective & Prospects : (Record no. 10318)

MARC details
000 -LEADER
fixed length control field 00605cam a2200205ua 4500
001 - CONTROL NUMBER
control field 11502
005 - DATE AND TIME OF LATEST TRANSACTION
control field 20260515114747.0
008 - FIXED-LENGTH DATA ELEMENTS--GENERAL INFORMATION
fixed length control field 190925n ii |||gr||||Z||||||eng
020 ## - INTERNATIONAL STANDARD BOOK NUMBER
International Standard Book Number 9788183702621
040 ## - CATALOGING SOURCE
Transcribing agency MAIN
082 ## - DEWEY DECIMAL CLASSIFICATION NUMBER
Classification number 915.416
100 ## - MAIN ENTRY--PERSONAL NAME
Personal name Sarat C Joshi . ,
Relator term Author.
245 ## - TITLE STATEMENT
Title Splendid North-east Tourism perspective & Prospects :
Remainder of title Manipur and Tripura /
Statement of responsibility, etc. By Sarat C Joshi .
250 ## - EDITION STATEMENT
Edition statement 1st ed /
Remainder of edition statement Vol. 3.
260 ## - PUBLICATION, DISTRIBUTION, ETC.
Place of publication, distribution, etc. New Delhi:
Name of publisher, distributor, etc. Akansha Publishing house,
Date of publication, distribution, etc. 2011.
300 ## - PHYSICAL DESCRIPTION
Extent 232p.
653 ## - INDEX TERM--UNCONTROLLED
Uncontrolled term Geography of & travel in Asia
653 ## - INDEX TERM--UNCONTROLLED
Uncontrolled term North-East tourism
942 ## - ADDED ENTRY ELEMENTS (KOHA)
Koha item type Books
Holdings
Withdrawn status Lost status Damaged status Not for loan Home library Current library Shelving location Date acquired Total checkouts Full call number Barcode Date last seen Copy number Price effective from Koha item type
        Naharkatiya College Library Naharkatiya College Library General stacks 09/19/2020   915.416 | JOS 26658 09/19/2020 1 09/19/2020 Books